| 000 | 00481nam a2200193Ia 4500 | ||
|---|---|---|---|
| 003 | 0100 | ||
| 008 | 130303s9999 xx 000 0 und d | ||
| 040 | _cARRUPELIB | ||
| 050 | _aB5310.C89 2005 | ||
| 245 | _aCulture Africaine, democratie et developpement durable | ||
| 260 | _aKinshasa | ||
| 260 | _bEditions Loyola | ||
| 260 | _C2005 | ||
| 300 | _a176p. | ||
| 300 | _b 23 cm. | ||
| 440 | _aJournee philosophiques Canisius ; 8 | ||
| 650 | _bReasoning | ||
| 942 |
_2lcc _01 |
||
| 999 |
_c59526 _d59526 |
||